Sociálne a ekonomické problémy súčasnej Botswany
Základné reálie Botswany. Politický a ekonomický vývoj územia dnešnej Botswany pred získaním nezávislosti. Vývoj Botswany po získaní nezávislosti. Výzvy ďalšieho rozvoja Botswany v 21. storočí.
Salvato in:
| Autore principale: | |
|---|---|
| Natura: | Capitolo di libro |
| Lingua: | slovacco |
| Soggetti: | |
| Tags: |
Nessun Tag, puoi essere il primo ad aggiungerne!!
|
MARC
| LEADER | 00000nla a2200000 4500 | ||
|---|---|---|---|
| 001 | 0160677 | ||
| 005 | 20240502072804.7 | ||
| 041 | 0 | |a slo | |
| 044 | |a SK | ||
| 245 | 1 | 0 | |a Sociálne a ekonomické problémy súčasnej Botswany |c Jaroslav Hric |
| 520 | |a Základné reálie Botswany. Politický a ekonomický vývoj územia dnešnej Botswany pred získaním nezávislosti. Vývoj Botswany po získaní nezávislosti. Výzvy ďalšieho rozvoja Botswany v 21. storočí. | ||
| 610 | 2 | 0 | |a Botswana |
| 610 | 2 | 0 | |a diamanty |
| 610 | 2 | 0 | |a rast hospodársky |
| 610 | 2 | 0 | |a nezávislosť |
| 610 | 2 | 0 | |a stabilita politická |
| 610 | 2 | 0 | |a hospodárstvo otvorené |
| 610 | 2 | 0 | |a nerovnosť sociálna |
| 100 | 1 | |a Hric, Jaroslav | |